000 00656nam a2200217 a 4500
999 _c3389
_d3389
001 1019
003 BD-DhAAL
005 20200304122625.0
008 090701s1992 xxka b 000 0 eng d
020 _a1855740052
040 _aBD-DhAAL
_cBD-DhAAL
_dBD-DhAAL
_bEng
082 0 0 _223
_a720.92 TAY
100 1 _aTaylor, Brian Brace.
_933625
245 1 0 _aRaj Rewal /
_cBrian Brace Taylor.
260 _aLondon :
_bMimar Publications ;
_cc1992.
300 _a160 pages :
_billustrations ;
_c28 cm.
504 _aIncludes bibliographies : p. 159-160.
650 0 _aArchitecture
_zIndia.
_xHistory
_y20th century
_933627
942 _2ddc
_cBK